El poder del átomo (Record no. 129533)

MARC details
000 -LEADER
campo de control de longitud fija 00797nam a2200229 i 4500
001 - NÚMERO DE CONTROL
campo de control 129533
003 - IDENTIFICADOR DE NÚMERO DE CONTROL
campo de control ES-MaACL
007 - CAMPO FIJO DE DESCRIPCIÓN FÍSICA--INFORMACIÓN GENERAL
campo de control de longitud fija t|
008 - DATOS DE LONGITUD FIJA--INFORMACIÓN GENERAL
campo de control de longitud fija 070626s1951 ag ||||1| spa d
080 ## - NÚMERO DE LA CLASIFICACIÓN DECIMAL UNIVERSAL
Número de la Clasificación Decimal Universal 621.039
100 1# - ENTRADA PRINCIPAL--NOMBRE DE PERSONA
Nombre de persona Thibaud, Jean.
9 (RLIN) 109915
245 13 - MENCIÓN DEL TÍTULO
Título El poder del átomo
Resto del título : de la utilización industrial y del control de la energía atómica en el gobierno mundial /
Mención de responsabilidad, etc. Jean Thibaud ; traducción de Cortés Plá.
250 ## - MENCION DE EDICION
Mención de edición [1ª ed.].
260 ## - PUBLICACIÓN, DISTRIBUCIÓN, ETC.
Lugar de publicación, distribución, etc. [Buenos Aires] :
Nombre del editor, distribuidor, etc. Espasa-Calpe,
Fecha de publicación, distribución, etc. [1951]
300 ## - DESCRIPCIÓN FÍSICA
Extensión 242 p. ;
Dimensiones 21 cm.
490 1# - MENCIÓN DE SERIE
Mención de serie Nueva ciencia, nueva técnica
650 14 - PUNTO DE ACCESO ADICIONAL DE MATERIA--TÉRMINO DE MATERIA
Término de materia o nombre geográfico como elemento de entrada Energía nuclear-
Subdivisión de forma Obras de divulgación.
9 (RLIN) 12255
700 1# - ENTRADA AGREGADA--NOMBRE PERSONAL
Nombre de persona Cortés Plá.
9 (RLIN) 40898
830 0# - PUNTO DE ACCESO ADICIONAL DE SERIE-TÍTULO UNIFORME
Título uniforme Nueva ciencia, nueva técnica
9 (RLIN) 181572
852 ## - LOCALIZACIÓN
Ubicación ES-MaACL
Número de control de estantería C-5825
Sublocalización o colección R.35231
Holdings
Estatus retirado Estado de pérdida Estado de daño No para préstamo Biblioteca de origen Biblioteca actual Ubicación en estantería Fecha de adquisición Fuente de adquisición Total de préstamos Signatura topográfica completa Código de barras Visto por última vez Precio de reemplazo Tipo de ítem Koha
        Biblioteca del Ateneo de Madrid Biblioteca del Ateneo de Madrid Sala Palomar 17/01/2008     C-5825 1134886 23/02/2023 23/02/2023 Libro impreso